[Event "IECC CL4-2004.09 email"]
[Site "IECC email"]
[Date "2004.05.18"]
[Round "?"]
[White "Corthals, Ivo"]
[Black "Foster, Duncan"]
[Result "1-0"]
[WhiteElo "1715"]
[BlackElo "1642"]
[PlyCount "79"]
[EventDate "2004.??.??"]
[EventType "tourn (corr)"]
[EventRounds "4"]
[SourceTitle "Corr 2008"]
[Source "ChessBase"]
[SourceDate "2008.06.24"]
[SourceVersion "1"]
[SourceVersionDate "2008.06.24"]
[SourceQuality "1"]

1. d4 f5 2. Bg5 c6 3. e3 Qb6 4. b3 d6 5. Nd2 e5 6. dxe5 dxe5 7. Bc4 g6 8. e4 h6 9. Be3 Qa5 10. exf5 Bxf5 11. Ngf3 Nd7 12. Nh4 Ndf6 13. 0-0 Rd8 14. Qf3 e4 15. Qe2 Bb4 16. Rad1 Ne7 17. f3 exf3 18. Ndxf3 Rxd1 19. Rxd1 Be4 20. Rf1 g5 21. Nd2 Bxc2 22. Rxf6 gxh4 23. a3 Qxa3 24. Qh5+ Kd8 25. Qe5 Re8 26. Bf7 Bd3 27. Nf1 h3 28. Qb8+ Nc8 29. Bxe8 Qb2 30. Rf2 hxg2 31. Ng3 Qb1+ 32. Kxg2 Be4+ 33. Kh3 Qxb3 34. Bd7 Kxd7 35. Qxb7+ Kd8 36. Rf8+ Bxf8 37. Qxb3 Bd5 38. Qb7 Be6+ 39. Kh4 Bd7 40. Ne4 1-0

[Event "IECC CL5-2003.28 email"]
[Site "IECC email"]
[Date "2003.12.21"]
[Round "?"]
[White "Klawitter, Bernd"]
[Black "Corthals, Ivo"]
[Result "0-1"]
[WhiteElo "1491"]
[BlackElo "1593"]
[PlyCount "54"]
[EventDate "2003.??.??"]
[EventType "tourn (corr)"]
[EventRounds "4"]
[SourceTitle "Corr 2008"]
[Source "ChessBase"]
[SourceDate "2008.06.24"]
[SourceVersion "1"]
[SourceVersionDate "2008.06.24"]
[SourceQuality "1"]

1. e4 e5 2. d4 exd4 3. Qxd4 Nc6 4. Qe3 Nf6 5. Nc3 Bb4 6. Bd2 0-0 7. 0-0-0 Re8 8. f3 d5 9. Qf2 dxe4 10. Bg5 Bd7 11. Bxf6 Qxf6 12. Nd5 Qh6+ 13. Kb1 e3 14. Qg3 Bd6 15. Qe1 Be6 16. Ne2 Rad8 17. Nec3 Nb4 18. Nxb4 Bxb4 19. Rxd8 Rxd8 20. Be2 Qg5 21. Qg3 Qa5 22. Na4 Rd2 23. Bd3 Qxa4 24. b3 Qd7 25. Bxh7+ Kxh7 26. Qh4+ Kg8 27. Qxb4 Rd1+ 0-1

[Event "IECG QE.2001.0.00004"]
[Site "IECG email"]
[Date "2001.07.07"]
[Round "?"]
[White "Aguilar, Sebastian"]
[Black "Corthals, Ivo"]
[Result "1/2-1/2"]
[WhiteElo "1229"]
[BlackElo "1350"]
[PlyCount "49"]
[EventDate "2001.07.07"]
[EventType "tourn (corr)"]
[EventRounds "6"]
[SourceTitle "Corr 2008"]
[Source "ChessBase"]
[SourceDate "2008.06.24"]
[SourceVersion "1"]
[SourceVersionDate "2008.06.24"]
[SourceQuality "1"]

1. e4 e5 2. Nf3 Nc6 3. Bc4 Nf6 4. d3 Bc5 5. c3 d6 6. Bg5 h6 7. Bh4 g5 8. Bg3 Bg4 9. Nbd2 a6 10. b4 Ba7 11. Qb3 0-0 12. h4 Bxf3 13. gxf3 b5 14. hxg5 hxg5 15. Bd5 Nxd5 16. exd5 Ne7 17. Ne4 f6 18. 0-0-0 Kg7 19. Rdg1 Rh8 20. Rxh8 Qxh8 21. f4 exf4 22. Bxf4 Ng6 23. Bg3 Qh5 24. Qd1 Qxd1+ 25. Kxd1 1/2-1/2

[Event "IECG QE.2001.0.00004"]
[Site "IECG email"]
[Date "2001.07.07"]
[Round "?"]
[White "Corthals, Ivo"]
[Black "Aguilar, Sebastian"]
[Result "1/2-1/2"]
[WhiteElo "1350"]
[BlackElo "1229"]
[PlyCount "46"]
[EventDate "2001.07.07"]
[EventType "tourn (corr)"]
[EventRounds "6"]
[SourceTitle "Corr 2008"]
[Source "ChessBase"]
[SourceDate "2008.06.24"]
[SourceVersion "1"]
[SourceVersionDate "2008.06.24"]
[SourceQuality "1"]

1. d4 Nf6 2. c4 g6 3. Nc3 Bg7 4. e4 d6 5. Nf3 0-0 6. Be2 e5 7. 0-0 Nc6 8. d5 Ne7 9. Ne1 Nd7 10. Nd3 f5 11. Bd2 Nf6 12. f3 f4 13. g4 g5 14. c5 Ng6 15. Qb3 h5 16. gxh5 Nxh5 17. Qa3 Rf7 18. cxd6 cxd6 19. Nb5 Qb6+ 20. Nf2 Bf8 21. Qa5 Qxa5 22. Bxa5 Bd7 23. Rac1 Ng7 1/2-1/2

[Event "IECC CL6-2000.26"]
[Site "IECC email"]
[Date "2000.08.08"]
[Round "?"]
[White "Corthals, Ivo"]
[Black "Schindler, Sven"]
[Result "0-1"]
[WhiteElo "1308"]
[BlackElo "1540"]
[PlyCount "124"]
[EventDate "2000.??.??"]
[EventType "tourn (corr)"]
[EventRounds "4"]
[SourceTitle "Corr 2008"]
[Source "ChessBase"]
[SourceDate "2008.06.24"]
[SourceVersion "1"]
[SourceVersionDate "2008.06.24"]
[SourceQuality "1"]

1. d4 e6 2. c4 d5 3. Nc3 Nf6 4. Bg5 Be7 5. e3 0-0 6. Nf3 h6 7. Bh4 b6 8. Be2 Nbd7 9. Bg3 Bb7 10. cxd5 Nxd5 11. Nxd5 Bxd5 12. 0-0 Bd6 13. Ne5 Nxe5 14. dxe5 Be7 15. Qa4 c5 16. e4 Bb7 17. Rfd1 Qc8 18. Qd7 Re8 19. Bb5 Qxd7 20. Rxd7 Bxe4 21. Rxa7 Rxa7 22. Bxe8 Ra8 23. Bb5 Rd8 24. f3 Bd3 25. a4 Bxb5 26. axb5 Rd2 27. Ra8+ Bf8 28. b3 Rd3 29. Rb8 Rxb3 30. Rxb6 g5 31. Kf2 c4 32. Rc6 h5 33. Ke2 Rxb5 34. Rxc4 h4 35. Bf2 Rxe5+ 36. Kd3 Bd6 37. g3 Rd5+ 38. Ke2 h3 39. f4 g4 40. Bd4 Bf8 41. Be3 Kh7 42. Rc7 Kg6 43. Rc8 Bg7 44. Bd2 Rb5 45. Rc2 Bd4 46. Be3 Bxe3 47. Kxe3 Rb1 48. Kd4 Rg1 49. Ke3 f6 50. Ra2 Kf7 51. Ra7+ Ke8 52. Ra2 Kd7 53. Ra7+ Kd6 54. Ra6+ Kd5 55. Ra2 Kc4 56. Rc2+ Kb3 57. Rd2 Rg2 58. Rxg2 hxg2 59. Kf2 Kc2 60. Kxg2 e5 61. h4 gxh3+ 62. Kxh3 e4 0-1